Narodowości które strzeliły gola w Ligue 1 - Statystyki

Ogólne statystyki
  • Ten quiz został rozwiązany 112 razy
  • Średni wynik to 77 z 117
Statystyki odpowiedzi
Ilość Goli Narodowość % Poprawnych
46.431 Francja
99%
634 Polska
99%
2.774 Argentyna
94%
1.906 Brazylia
94%
320 Hiszpania
94%
672 Niemcy
92%
260 Anglia
91%
67 Stany Zjednoczone
90%
78 Kanada
89%
68 Norwegia
89%
466 Portugalia
89%
62 Rosja
88%
313 Włochy
88%
39 Irlandia
87%
44 Japonia
87%
786 Szwecja
85%
544 Belgia
83%
252 Czechy
83%
860 Holandia
83%
10 Meksyk
83%
29 Republika Południowej Afryki
83%
54 Chile
82%
82 Słowacja
82%
24 Egipt
81%
40 Finlandia
81%
446 Szwajcaria
81%
39 Ukraina
81%
461 Urugwaj
81%
90 Korea Południowa
80%
1.107 Maroko
80%
1.270 Senegal
80%
179 Turcja
80%
30 Grecja
79%
198 Kolumbia
79%
18 Łotwa
79%
9 Peru
79%
141 Rumunia
79%
146 Słowenia
79%
46 Australia
78%
526 Austria
78%
445 Dania
78%
4 Walia
78%
323 Węgry
78%
1.839 Algieria
77%
560 Chorwacja
77%
8 Niger
77%
880 Serbia
77%
101 Szkocja
77%
374 Nigeria
75%
5 Iran
74%
325 Luksemburg
74%
14 Wenezuela
74%
293 Demokratyczna Republika Konga
73%
235 Ghana
73%
1 Białoruś
72%
184 Paragwaj
72%
1.221 Wybrzeże Kości Słoniowej
72%
69 Islandia
71%
26 Panama
71%
53 Bułgaria
70%
172 Czarnogóra
70%
13 Irlandia Północna
70%
1.127 Kamerun
69%
28 Macedonia Północna
69%
335 Tunezja
69%
357 Bośnia i Hercegowina
68%
2 Ekwador
67%
158 Czad
66%
32 Kosowo
66%
25 Gruzja
65%
32 Kenia
65%
246 Kongo
65%
812 Mali
65%
10 Albania
64%
356 Gwinea
64%
106 Izrael
63%
6 Malta
63%
53 Armenia
62%
209 Togo
62%
220 Gabon
61%
16 Honduras
61%
3 Gambia
60%
4 Kostaryka
60%
44 Madagaskar
60%
86 Benin
59%
7 Mauretania
59%
10 Zambia
59%
6 Angola
57%
24 Republika Środkowoafrykańska
57%
52 Zimbabwe
57%
40 Haiti
56%
4 Jamajka
55%
2 Katar
53%
18 Dominikana
52%
159 Liberia
52%
7 Mozambik
52%
52 Gwinea Bissau
51%
8 Monako
50%
72 Republika Zielonego Przylądka
47%
168 Burkina Faso
45%
5 Jordania
43%
13 Sierra Leone
43%
2 Burundi
42%
1 Mauritius
37%
6 Laos
34%
28 Komory
33%
45 Jugosławia
27%
91 Czechosłowacja
24%
140 Gujana Francuska
22%
5 Curacao
16%
241 Martynika
16%
127 Gwadelupa
12%
5 Reunion
9%
76 Nowa Kaledonia
7%
3 Sint Maarten
6%
71 Tahiti
6%
2 Hong Kong
4%
Nie znaleziono quizów pasujących do podanych kryteriów
Rozkład punktacji
Procent ludzi z każdym wynikiem
Percentyl według liczby udzielonych odpowiedzi
Twoja historia wyników
Nie rozwiązałeś tego quizu